Fr. Conceicao Rodrigues College of Engineering

Signals and systems (Record no. 23015)

MARC details
000 -LEADER
fixed length control field 00389nam a2200181Ia 4500
082 ## - DEWEY DECIMAL CLASSIFICATION NUMBER
Classification number 621.3815
Item number ANA
100 ## - MAIN ENTRY--PERSONAL NAME
Personal name Anand Kumar/A
250 ## - EDITION STATEMENT
Edition statement 3
245 ## - TITLE STATEMENT
Title Signals and systems
260 ## - PUBLICATION, DISTRIBUTION, ETC.
Name of publisher, distributor, etc. Prentice -Hall of India
Date of publication, distribution, etc. 2013
366 ## - TRADE AVAILABILITY INFORMATION
Publishers's discount category 25
300 ## - PHYSICAL DESCRIPTION
Extent 1022
546 ## - LANGUAGE NOTE
Language note ENGLISH
-- PAMPHALETS
650 ## - SUBJECT ADDED ENTRY--TOPICAL TERM
Topical term or geographic name entry element Signals and systems
654 ## - SUBJECT ADDED ENTRY--FACETED TOPICAL TERMS
Focus term signals
942 ## - ADDED ENTRY ELEMENTS (KOHA)
Koha item type BOOK
Holdings
Withdrawn status Lost status Damaged status Not for loan Collection Home library Current library Date acquired Source of acquisition Cost, normal purchase price Inventory number Total Checkouts Total Renewals Full call number Barcode Date last seen Date last checked out Cost, replacement price Price effective from Koha item type
        CRC Fr. Agnel's C.Rodrigues College of Engineering Fr. Agnel's C.Rodrigues College of Engineering 17/03/2023 Allied Publishers 393.75 860 dt 29.12.2016 1 1 621.3815 ANA 24489 30/08/2024 26/08/2024 525.00   BOOK